| 000 | 00000nam##2200000za#4500 |
| 001 | 9.597426 |
| 003 | CaOODSP |
| 005 | 20210624204037 |
| 007 | cr ||||||||||| |
| 008 | 150406|1999||||xxc|||||o f|0| 0 fre|d |
| 040 | |aCaOODSP|bfre |
| 043 | |an-cn--- |
| 086 | 1 |aTU3-7/99-2F-PDF |
| 110 | 2 |aBureau de la sécurité des transports du Canada. |
| 245 | 10|aQuasi-chavirement du petit bateau de pêche «Westisle» au large du cap Beale (Colombie-Britannique), le 1er mars 1999 |h[ressource électronique] |
| 260 | |bBureau de la sécurité des transports du Canada |c[2000]. |
| 300 | |a14p.|bglossaire, ill., références, tableau, photographies |
| 490 | 1 |aRapport d'enquête maritime |vM99W0033 |
| 590 | |a10-05-Supp|b2010-07-20 |
| 691 | 07|aAccident maritime|2gcpds |
| 775 | 08|tNear-capsizing - the small fishing vessel “Westisle” off Cape Beale, British Columbia, 1 March 1999 |w(CaOODSP)9.565936 |
| 830 | #0|aRapport d'enquête maritime ;|vM99W0033|w(CaOODSP)9.501269 |
| 856 | 40|ahttp://publications.gc.ca|qPDF|s1726 Ko|uhttps://publications.gc.ca/collections/collection_2009/bst-tsb/TU3-7-99-2F.pdf|yM99W0033 |